000 00411nam a22001697a 4500
003 SGT
020 _a9780323549882
082 _a616.5
_bH22P
100 _aPALLER, AMY S.
245 _aHURWITZ, CLINICAL PEDIATRIC DERMATOLOGY
250 _a6TH
260 _aMISSAURI
_bELSEVIER PUB
_c2022
300 _a726
650 _aDERMATOLOGY
653 _aHURWITZ, CLINICAL PEDIATRIC DERMATOLOGY
942 _2ddc
_cBK
999 _c30571
_d30571